书目信息 |
| 题名: |
心理暗示与自我暗示之柯尔效应
|
|
| 作者: | 柯尔 著 ;马晓佳 译 | |
| 分册: | ||
| 出版信息: | 北京 中国青年出版社 2011 |
|
| 页数: | 176页 | |
| 开本: | 21cm | |
| 丛书名: | ||
| 单 册: | ||
| 中图分类: | B842.7 , B821-49 | |
| 科图分类: | ||
| 主题词: | 暗示--通俗读物 , 自我暗示--通俗读物 , 人生观 | |
| 电子资源: | ||
| ISBN: | 978-7-5006-9834-0 | |
| 000 | 01023nam0 2200277 450 | |
| 001 | 1562709625 | |
| 005 | 20151111111837.09 | |
| 010 | @a978-7-5006-9834-0@dCNY25.00 | |
| 100 | @a20120730d2011 em y0chiy50 ea | |
| 101 | 1 | @achi@cfre |
| 102 | @aCN@b110000 | |
| 105 | @ay z 000yy | |
| 200 | 1 | @a心理暗示与自我暗示之柯尔效应@9xin li an shi yu zi wo an shi zhi ke er xiao ying@e最简单最实用最有效的终极心理学@f(法)爱弥儿·柯尔(Emile C.)著@g马晓佳译 |
| 210 | @a北京@c中国青年出版社@d2011 | |
| 215 | @a176页@d21cm | |
| 330 | @a本书共分五章,内容包括心理暗示与自我暗示、在美国和欧洲的演讲、自我暗示的实例与实践等。 | |
| 517 | 1 | @a最简单最实用最有效的终极心理学@9zui jian dan zui shi yong zui you xiao de zhong ji xin li xue |
| 606 | 0 | @a暗示@j通俗读物 |
| 606 | 0 | @a自我暗示@j通俗读物 |
| 606 | 0 | @a人生观 |
| 690 | @aB842.7@v5 | |
| 690 | @aB821-49@v4 | |
| 701 | 0 | @c(法)@a柯尔@9ke er@c(C., Emile)@4著 |
| 702 | 0 | @a马晓佳@9ma xiao jia@c(翻译)@4译 |
| 801 | 0 | @aCN@bTSSF@c20150127 |
| 905 | @aZUCC@dB821-49@eJY259 | |
| 心理暗示与自我暗示之柯尔效应:最简单最实用最有效的终极心理学/(法)爱弥儿·柯尔(Emile C.)著/马晓佳译.-北京:中国青年出版社,2011 |
| 176页;21cm |
| ISBN 978-7-5006-9834-0:CNY25.00 |
| 本书共分五章,内容包括心理暗示与自我暗示、在美国和欧洲的演讲、自我暗示的实例与实践等。 |
| ● |
| 相关链接 |
|
|
|
|
正题名:心理暗示与自我暗示之柯尔效应
索取号:B821-49/JY259
 
预约/预借
| 序号 | 登录号 | 条形码 | 馆藏地/架位号 | 状态 | 备注 |
| 1 | 7849251 | 278492515 | 学院路分馆/ [索取号:B821-49/JY259] | 在馆 | |
| 2 | 7852446 | 278524465 | 学院路分馆/ [索取号:B821-49/JY259] | 在馆 |